| 000 | 00925nam0a22002411 4500 | ||
|---|---|---|---|
| 001 | rc\2677289 | ||
| 005 | 20110915154540.9 | ||
| 035 | _a(NLR Aleph) 006805713 | ||
| 090 |
_a6290421 _c6290421 |
||
| 100 | _a20110915d1932 |||y0rusy50 ca | ||
| 101 | 0 | _arus | |
| 102 | _aRU | ||
| 105 | _aa z ||||| | ||
| 200 | 1 |
_aТехника изготовления препаратов из ископаемых углей _fК. И. Сургейлис |
|
| 210 |
_aМосква _aЛенинград _cНКТП - Гос. науч.-техн. горное изд-во _d1932 _e[Калуга] _gтип. Мособполиграфа |
||
| 215 |
_aОбл., 46, [2] с. _cил. _d17х13 см. |
||
| 320 | _aБиблиогр.: литература в конце текста (4 назв.) | ||
| 700 | 1 |
_aСургейлис _bК. И. |
|
| 801 | 0 |
_aRU _bNLR _gpsbo |
|
| 801 | 1 |
_aRU _bELAR _2rusmarc |
|
| 852 |
_aNLR _j32-8/12848 |
||
| 942 | _cBOOK | ||
| 980 | _aNB | ||